[Event "Niedersachsen-ch U16/18 Girls"]
[Site "Frenswegen"]
[Date "2001.04.??"]
[Round "1"]
[White "Krix, Ina"]
[Black "Reiter, Anna"]
[Result "0-1"]
[WhiteElo "970"]
[BlackElo "1199"]
[PlyCount "26"]
[EventDate "2001.04.??"]
[EventType "swiss"]
[EventRounds "7"]
[EventCountry "GER"]
[SourceTitle "EXT 2003"]
[Source "ChessBase"]
[SourceDate "2002.11.25"]
[SourceVersion "1"]
[SourceVersionDate "2002.11.25"]
[SourceQuality "1"]

1. e4 e5 2. Nc3 Nf6 3. Nf3 d6 4. d4 exd4 5. Qxd4 Nc6 6. Qd2 g6 7. b3 Bg7 8. Bb2 Nxe4 9. Qe3 0-0 10. Qxe4 Re8 11. Nd2 d5 12. Qe2 Nd4 13. 0-0-0 Nxe2+ 0-1

[Event "Niedersachsen-ch U16/18 Girls"]
[Site "Frenswegen"]
[Date "2001.04.??"]
[Round "2"]
[White "Lubetzky, Tanja"]
[Black "Krix, Ina"]
[Result "1-0"]
[WhiteElo "1091"]
[BlackElo "970"]
[PlyCount "85"]
[EventDate "2001.04.??"]
[EventType "swiss"]
[EventRounds "7"]
[EventCountry "GER"]
[SourceTitle "EXT 2003"]
[Source "ChessBase"]
[SourceDate "2002.11.25"]
[SourceVersion "1"]
[SourceVersionDate "2002.11.25"]
[SourceQuality "1"]

1. e4 e5 2. Nf3 Nc6 3. Bc4 Bc5 4. d3 f6 5. 0-0 Nge7 6. Nc3 a6 7. Bd2 d6 8. a3 Nd4 9. Nxd4 Bxd4 10. Qh5+ Ng6 11. Rab1 c6 12. Ne2 Bc5 13. Kh1 d5 14. exd5 cxd5 15. Bb3 0-0 16. c3 Ne7 17. Bc2 Bf5 18. b4 Bb6 19. Be3 d4 20. cxd4 exd4 21. Bd2 Bg6 22. Qg4 Nf5 23. Nf4 Nh6 24. Bb3+ Bf7 25. Qh3 Qd6 26. Ne2 Bxb3 27. Rxb3 Rae8 28. Re1 Qe5 29. Bxh6 Qxe2 30. Rxe2 Rxe2 31. Rb1 Rfe8 32. g3 Rxf2 33. Rc1 Ree2 34. Qc8+ Kf7 35. Qxb7+ Re7 36. Qxb6 gxh6 37. Qxd4 Rd2 38. Rf1 Re6 39. Qa7+ Kg6 40. Qd4 h5 41. h4 f5 42. Qf4 Re5 43. Qxe5 1-0

[Event "Niedersachsen-ch U14 Girls"]
[Site "Lingen"]
[Date "2000.04.??"]
[Round "3"]
[White "Krix, Ina"]
[Black "Klaus, Alexandra"]
[Result "1-0"]
[WhiteElo "497"]
[BlackElo "163"]
[PlyCount "23"]
[EventDate "2000.04.??"]
[EventType "swiss"]
[EventRounds "7"]
[EventCountry "GER"]
[SourceTitle "EXT 2003"]
[Source "ChessBase"]
[SourceDate "2002.11.25"]
[SourceVersion "1"]
[SourceVersionDate "2002.11.25"]
[SourceQuality "1"]

1. e4 e5 2. Nf3 Nc6 3. Nc3 Bc5 4. d3 d6 5. Bg5 Nge7 6. Be2 Be6 7. Qd2 0-0 8. Bh4 g6 9. Bf6 h6 10. Qxh6 Bxf2+ 11. Kxf2 Re8 12. Qg7# 1-0

[Event "Niedersachsen-ch U14 Girls"]
[Site "Lingen"]
[Date "2000.04.??"]
[Round "4"]
[White "Schroeder, Janet"]
[Black "Krix, Ina"]
[Result "1-0"]
[WhiteElo "944"]
[BlackElo "497"]
[PlyCount "39"]
[EventDate "2000.04.??"]
[EventType "swiss"]
[EventRounds "7"]
[EventCountry "GER"]
[SourceTitle "EXT 2003"]
[Source "ChessBase"]
[SourceDate "2002.11.25"]
[SourceVersion "1"]
[SourceVersionDate "2002.11.25"]
[SourceQuality "1"]

1. e4 d5 2. e5 Nc6 3. d4 e6 4. Nf3 f6 5. Bb5 Bd7 6. c3 Qe7 7. Be3 Nh6 8. Bxc6 Bxc6 9. a4 a5 10. Qd3 Qf7 11. Nbd2 Be7 12. b3 Bd7 13. h3 Nf5 14. Bf4 b6 15. g4 Nh6 16. exf6 gxf6 17. Bxh6 Rg8 18. Bf4 Qg6 19. Qxg6+ Rxg6 20. Bxc7 1-0